<?xml version="1.0" encoding="UTF-8"?>
<record
    xmlns:xsi="http://www.w3.org/2001/XMLSchema-instance"
    xsi:schemaLocation="http://www.loc.gov/MARC21/slim http://www.loc.gov/standards/marcxml/schema/MARC21slim.xsd"
    xmlns="http://www.loc.gov/MARC21/slim">

  <leader>00831nab a2200253 uc4500</leader>
  <controlfield tag="001">676491</controlfield>
  <controlfield tag="005">20240404090555.0</controlfield>
  <controlfield tag="008">010725s2001                        spa  </controlfield>
  <datafield tag="035" ind1=" " ind2=" ">
    <subfield code="a">676491</subfield>
  </datafield>
  <datafield tag="035" ind1=" " ind2=" ">
    <subfield code="a">(OCoLC)819911236</subfield>
  </datafield>
  <datafield tag="040" ind1=" " ind2=" ">
    <subfield code="c">comduadb</subfield>
  </datafield>
  <datafield tag="041" ind1=" " ind2=" ">
    <subfield code="a">spa</subfield>
  </datafield>
  <datafield tag="100" ind1="1" ind2="0">
    <subfield code="a">Riera Llobet, Ignasi</subfield>
    <subfield code="4">aut</subfield>
    <subfield code="e">aut</subfield>
    <subfield code="9">337510</subfield>
  </datafield>
  <datafield tag="245" ind1="1" ind2="0">
    <subfield code="a">Control de sistemas electronicos de potencia</subfield>
  </datafield>
  <datafield tag="650" ind1=" " ind2=" ">
    <subfield code="a">Teor&#xED;a de control</subfield>
    <subfield code="9">10406</subfield>
  </datafield>
  <datafield tag="650" ind1=" " ind2="7">
    <subfield code="a">Control autom&#xE1;tico</subfield>
    <subfield code="2"></subfield>
    <subfield code="9">2764</subfield>
  </datafield>
  <datafield tag="650" ind1=" " ind2=" ">
    <subfield code="a">Control de velocidad</subfield>
    <subfield code="9">55218</subfield>
  </datafield>
  <datafield tag="650" ind1=" " ind2=" ">
    <subfield code="a">Control de posicion</subfield>
    <subfield code="9">72271</subfield>
  </datafield>
  <datafield tag="650" ind1=" " ind2=" ">
    <subfield code="a">Motores DC</subfield>
    <subfield code="9">66336</subfield>
  </datafield>
  <datafield tag="650" ind1=" " ind2=" ">
    <subfield code="a">Convertidores de potencia</subfield>
    <subfield code="9">32518</subfield>
  </datafield>
  <datafield tag="650" ind1=" " ind2="7">
    <subfield code="a">Materiales de ense&#xF1;anza</subfield>
    <subfield code="2">lemb</subfield>
    <subfield code="9">860071</subfield>
  </datafield>
  <datafield tag="773" ind1="0" ind2=" ">
    <subfield code="t">Revista Espa&#xF1;ola de Electr&#xF3;nica (Barcelona)</subfield>
    <subfield code="g">N&#xFA;mero 557, Abril 2001, p. 52-60</subfield>
    <subfield code="w">104259</subfield>
    <subfield code="x">0482-6396</subfield>
    <subfield code="0">90356</subfield>
  </datafield>
  <datafield tag="942" ind1=" " ind2=" ">
    <subfield code="c">ARIMP</subfield>
  </datafield>
  <datafield tag="999" ind1=" " ind2=" ">
    <subfield code="c">203250</subfield>
    <subfield code="d">203250</subfield>
  </datafield>
</record>
